00584 a2200133 4500003000500000005001700005040000900022082001500031100001800046245004300064260002500107300001200132505030600144Nust20221220120039.0 cNust a128.3, CHI aJoseph Chiari aRealism and ImaginationcJoseph Chiari alondonbBarriec1960 a216,p.; aThe Comfort Of Words (Page-7), Reality And Its Apprehension (Page-18), Realism And Imagination Throughout The Centuries (Page-38), Realism And Naturalism As Aesthetic Creeds (Page-72), Realism And Abstraction (Page-84), Art And Reality (Page-99), Symbolism And Reality (Page-109), Tragedy (Page-146).